Statistics for Simpsons Trivia #2

Click here to take the quiz!

General Stats

  • This quiz has been taken 47 times
  • The average score is 15 of 25

Answer Stats

HintAnswer% Correct
What is the name of Marge's other suitor in highschool, who turned out to be a millionaire? (First and Last)Artie Ziff
90%
Name any of the three towns that Lyle Lanley had previously sold monorails toBrockway, Ogdenvill, North Haverbrook
88%
What popular TV character did Chester J. Lampwick create, but never got credit for until bart and lisa helped him prove it?Itchy
88%
What was the name of the beautiful power plant employee that homer almost had an affair with?Mindy Simmons
85%
Where does marge meet Jaques, the smooth frenchman who tries to seduce her?The bowling alley
83%
What fear does the psychiatrist, Dr. Zweig, help marge get over?Flying
78%
What is the name of the female country singer that homer manages? (First and Last)Lurleen Lumpkin
73%
What Football team did Homer receive as a thank you gift from Hank Scorpio?The Denver Broncos
70%
What is the name of Mr. Burns Childhood Teddy Bear, which briefly belongs to Maggie?Bobo
68%
What is the name of Homer, Barney, Apu, and Skinner's music group?The B Sharps
68%
After Springfield repeals their brief prohibition law, how does the town rid themselves of Rex Banner?Catapult
60%
The gummy that Homer and Marge steal from the candy show is in the shape of what statue?Venus De Milo
60%
What band plays at Moe's when it's popularity rises due to the "Flaming Moe"?Aerosmith
58%
What part did marge play in the production of A Streetcar Named Desire?Blanche Dubois
58%
When Lisa and her rival, Allison Taylor, compete in the diorama-rama, what book does Allison base her diorama afterThe Tell-Tale Heart, by Edgar Allen Poe
58%
When the town rebuilds the Flander's home after a hurricane, what item in Rod and Todd's room does Bart tell them is 'load bearing"Krusty The Clown Poster
55%
What is the name of Snake's Car?Lil Bandit
50%
Who voiced the "Space Coyote" that was Homer's spirit guide in his hallucination after eating guatamalan insanity peppersJohnny Cash
48%
Who was Lisa's all time favourite supply teacher, voiced by Dustin Hoffman?Mr. Bergstrom
48%
Who is the only character on the Simpsons who always has 5 fingers on each hand?God
43%
What is the name of Lisa's grammar robot?Linguo
38%
Who voiced Mr. Burns' lazy, long lost son, Larry?Rodney Dangerfield
35%
What was the name of the Cat burglar who stole the worlds largest cubic zirconium?Molloy
33%
When Homer spends time in a mental institution, he meets a man who says his name is Michael Jackson. What does he eventually reveal is his real name?Leon Kompowsky
25%
What was the name of the project that homer helped Hank Scorpio with?Project Arcturus
8%

Score Distribution

Percentile by Number Answered

Percent of People with Each Score

Your Score History

You have not taken this quiz